History Quiz

Random History Quiz

British Royal Family Tree Quiz Stats

 Plays Quiz Updated Sep 20, 2018

Challenge
Share
Tweet
Score 0/30 Timer 10:00
11 Plays Today
% Correct
Queen Elizabeth II
97.7%
Prince Henry of Wales
95.1%
Prince Charles, Prince of Wales
94.9%
Diana, Princess of Wales
94.8%
Prince William,
Duke of Cambridge
94.8%
Catherine,
Duchess of Cambridge
93.5%
Meghan,
Duchess of Sussex
88.7%
Prince George of Cambridge
86.1%
Camilla, Duchess of Cornwall
78.9%
Prince Louis of Cambridge
77.1%
Prince Philip, Duke of Edinburgh
76.7%
Princess Charlotte of Cambridge
74.4%
Sarah, Duchess of York
73.4%
Princess Anne, the Princess Royal
72.6%
Prince Andrew, Duke of York
69.6%
% Correct
Prince Edward, Earl of Wessex
61.7%
Princess Beatrice of York
61%
Princess Eugenie of York
50.6%
Zara Phillips
49.3%
Mike Tindall
44.7%
Sophie,
Countess of Wessex
37.5%
Mia Tindall
34.3%
Mark Phillips
33.4%
Peter Phillips
30%
James,
Viscount Severn
29%
Isla Phillips
25%
Lady Louise Windsor
24.6%
Autumn Phillips
20.2%
Vice-Admiral Timothy Laurence
19.2%
Savannah Phillips
18.7%

You're not logged in!

Compare scores with friends on all Sporcle quizzes.
Join for Free
OR
Log In

You Might Also Like...

Show Comments

Extras

Top Quizzes Today


Score Distribution

Your Account Isn't Verified!

In order to create a playlist on Sporcle, you need to verify the email address you used during registration. Go to your Sporcle Settings to finish the process.

Report this User

Report this user for behavior that violates our Community Guidelines.

Details: